000 00767nam a2200241 4500
003 OSt
005 20240615031405.0
006 a
008 240615b |||||||| |||| 00| 0 eng d
020 _a9781847873798
040 _aDWCL-Main lib.
_cOC
082 _aCirc. 371.1 Ex96s 2008
111 _aNeil Mercer and Steve Hodgkins
245 _aExploring talk in schools : inspired by the work of Douglas Barnes /
260 _aLos Angeles :
_bSAGE Pub.,
_cc2008.
300 _axviii,
_b189 p. : ill. ;
_c24 cm.
504 _aIncludes index.
650 _a1. Communication in education.
650 _a2. Interaction analysis in education.
650 _a3. Oral communication.
711 _aNeil Mercer and Steve Hodgkins
942 _2ddc
_n0
_cBK-CIRC
_kCirc.
999 _c766
_d766